| 000 | 00701nam a22002057a 4500 | ||
|---|---|---|---|
| 005 | 20180831150816.0 | ||
| 010 | _aENG-123917 | ||
| 020 |
_c995.00 _a9788181523297 |
||
| 035 | _aEN-107449 | ||
| 037 | _bDBAD/PUB | ||
| 082 | _a332.0959 | ||
| 100 | _aShastri, Falguni C. | ||
| 245 |
_aMicrofinance in south-east asia/ _cby Falguni C. Shastri [and] Sarita M. Budhdhadev |
||
| 260 |
_c2013 _aJaipur _bBook Enclave |
||
| 270 |
_aF-11, S.S. Tower, Dhamani Street, Chaura Rasta, _bJaipur _e302003 |
||
| 300 |
_c21cm.(Hb.) _av,295p. _bill.(tables) |
||
| 500 | _aIt includes bibliography index and abbreviations | ||
| 700 | _aBudhdhadev, Sarita M. | ||
| 942 |
_cEN _2ddc _mSHA _h332.0959 |
||
| 999 |
_c156704 _d156704 |
||